000 01001nam a2200325I 4500
001 75329
003 BD-RjUL
005 20211209082655.0
008 730607s1954 waua 1 eng u
035 _aMITb10042160
035 _a(BD-RjUL)75547
035 _aGLIS00042160
040 _cCPL
_dMYG
_aBD-RjUL
_beng
041 _aeng
049 _aMYGR
_c[782980]
082 _223
_a720
_bAMI 1954
090 _aHF5686.A7
_bA4 1954
099 _aHF5686.A7.A4 1954
110 2 _aAmerican Institute of Architects.
_9229016
245 1 0 _aInstructions;
_bstandardized accounting for architects /
_cAmerican Institute of Architects.
260 _aWashington :
_c1954.
_bThe American Institute
300 _a1 v. (loose-leaf)
_c29 cm.
505 _aVol. 1. preliminary considerations
650 0 _aArchitecture
_9229017
650 0 _aArchitecture
_xAccounting.
_9229031
910 _a782980LRC771027
942 _2ddc
_cBK
999 _c75329
_d75329